[Event "15th Unive op"]
[Site "Hoogeveen NED"]
[Date "2011.10.14"]
[Round "1.1"]
[White "Grant, Jonathan"]
[Black "Tiviakov, Sergei"]
[Result "0-1"]
[WhiteElo "2209"]
[BlackElo "2647"]
[EventDate "2011.10.14"]
[PlyCount "90"]

1.c4 e5 2.g3 Nf6 3.Bg2 d5 4.cxd5 Nxd5 5.Nf3 Nc6 6.Nc3 Nb6 7.O-O Be7 8.a3 
O-O 9.b4 Be6 10.Rb1 f6 11.d3 Nd4 12.Nd2 c6 13.e3 Nf5 14.Qc2 Nd5 15.Nf3 
Nxc3 16.Qxc3 Nd6 17.Rd1 a5 18.Qc2 axb4 19.axb4 Qd7 20.Bb2 Ra2 21.d4 e4 22.
Nd2 f5 23.Nb3 Bd5 24.Nc1 Raa8 25.Ne2 b5 26.Ra1 Nc4 27.Bc3 Bd6 28.Nf4 Nb6 
29.Bf1 Bxf4 30.gxf4 Rae8 31.Be2 Qe6 32.Qb2 g5 33.Kh1 gxf4 34.Rg1+ Kh8 35.
exf4 Na4 36.Qc1 e3+ 37.f3 Qd6 38.Ra3 Nxc3 39.Qxc3 Qxf4 40.Rg3 Rg8 41.Qe1 
Qxd4 42.Rd3 Qe5 43.Rh3 Rg7 44.Rd1 Reg8 45.Qh4 Qb2 0-1

[Event "15th Unive op"]
[Site "Hoogeveen NED"]
[Date "2011.10.14"]
[Round "1.2"]
[White "Baklan, Vladimir"]
[Black "Law, Nicky"]
[Result "1-0"]
[WhiteElo "2617"]
[BlackElo "2208"]
[EventDate "2011.10.14"]
[PlyCount "59"]

1.e4 e5 2.Nf3 Nf6 3.Nxe5 d6 4.Nf3 Nxe4 5.d4 d5 6.Bd3 Be7 7.O-O O-O 8.c4 
Bf5 9.cxd5 Qxd5 10.Bxe4 Bxe4 11.Nc3 Bxf3 12.Nxd5 Bxd5 13.Bf4 c6 14.Re1 Bb4
15.Re3 Rd8 16.Qg4 Nd7 17.Bh6 g6 18.Qh4 Re8 19.a3 Rxe3 20.fxe3 Bd6 21.e4 
Be6 22.Rf1 Re8 23.h3 Bc4 24.Rc1 Bd3 25.Re1 a5 26.Qg4 f5 27.Qd1 Bxe4 28.
Qb3+ Bd5 29.Rxe8+ Kf7 30.Qe3 1-0

[Event "15th Unive op"]
[Site "Hoogeveen NED"]
[Date "2011.10.14"]
[Round "1.3"]
[White "Van Weersel, Arlette"]
[Black "Ernst, Sipke"]
[Result "1-0"]
[WhiteElo "2191"]
[BlackElo "2581"]
[EventDate "2011.10.14"]
[PlyCount "73"]

1.e4 c5 2.c4 Nc6 3.Nf3 e6 4.Nc3 Nf6 5.d4 cxd4 6.Nxd4 Bb4 7.Nxc6 bxc6 8.Bd3
e5 9.O-O d6 10.Na4 Bg4 11.Qc2 Nd7 12.Be2 Be6 13.a3 Ba5 14.c5 d5 15.exd5 
cxd5 16.f4 d4 17.b4 Bc7 18.Bf3 Nf6 19.Bc6+ Bd7 20.Bxa8 Qxa8 21.fxe5 Ng4 
22.Bf4 d3 23.Qxd3 Qc6 24.Nc3 g5 25.Bg3 h5 26.Qd5 h4 27.Qxf7+ Kd8 28.Qg7 
Re8 29.Qxg5+ Kc8 30.Qxh4 Bd8 31.Qh7 Qe6 32.Rad1 Re7 33.Qd3 Rg7 34.Ne4 Bc7 
35.Nd6+ Bxd6 36.Qxd6 Qxd6 37.Rxd6 1-0

[Event "15th Unive op"]
[Site "Hoogeveen NED"]
[Date "2011.10.14"]
[Round "1.4"]
[White "Zherebukh, Yaroslav"]
[Black "Mellema, Andries"]
[Result "1-0"]
[WhiteElo "2580"]
[BlackElo "2182"]
[EventDate "2011.10.14"]
[PlyCount "59"]

1.e4 e6 2.d4 d5 3.e5 c5 4.c3 Nc6 5.Nf3 Qb6 6.a3 Nh6 7.b4 cxd4 8.Bxh6 gxh6 
9.cxd4 Bd7 10.Be2 Rc8 11.O-O Bg7 12.b5 Na5 13.a4 O-O 14.Nbd2 f6 15.exf6 
Rxf6 16.Rc1 Rcf8 17.Ne5 Be8 18.Ndf3 Rf4 19.Nd3 Rxd4 20.Nxd4 Bxd4 21.Rc8 
Nc4 22.Bh5 Nd6 23.Ra8 Bxh5 24.Rxf8+ Kxf8 25.Qxh5 Ne4 26.Qxh6+ Kg8 27.Rc1 
Bxf2+ 28.Kh1 Bc5 29.Nxc5 Nxc5 30.Qg5+ 1-0

[Event "15th Unive op"]
[Site "Hoogeveen NED"]
[Date "2011.10.14"]
[Round "1.5"]
[White "Markus, John Raymond"]
[Black "Lenderman, Aleksandr"]
[Result "0-1"]
[WhiteElo "2167"]
[BlackElo "2562"]
[EventDate "2011.10.14"]
[PlyCount "52"]

1.d4 Nf6 2.Nf3 d5 3.c4 e6 4.e3 c5 5.Nc3 a6 6.a3 dxc4 7.Bxc4 b5 8.Be2 Nbd7 
9.dxc5 Bxc5 10.b4 Be7 11.O-O Bb7 12.Bb2 O-O 13.Qd4 Qb8 14.Rfd1 Rd8 15.Qh4 
Nd5 16.Qh3 Bf6 17.Nxd5 Bxb2 18.Rab1 Bxa3 19.Nc3 Qc7 20.Rb3 Bxb4 21.Rxb4 
Qxc3 22.Rbd4 Qc7 23.Ng5 Nf6 24.Bd3 h6 25.Nxe6 fxe6 26.Qxe6+ Kh8 0-1

[Event "15th Unive op"]
[Site "Hoogeveen NED"]
[Date "2011.10.14"]
[Round "1.6"]
[White "Nyzhnyk, Illya"]
[Black "Fehr, Axel"]
[Result "1-0"]
[WhiteElo "2561"]
[BlackElo "2163"]
[EventDate "2011.10.14"]
[PlyCount "119"]

1.d4 d5 2.c4 c6 3.Nf3 Nf6 4.Nc3 a6 5.a4 e6 6.g3 a5 7.Bg2 Be7 8.O-O O-O 9.
b3 Na6 10.Ne5 Nd7 11.Nxd7 Bxd7 12.Bb2 f5 13.Nb1 Nb4 14.Nd2 Be8 15.Nf3 Bh5 
16.Qd2 Rc8 17.Rad1 Qb6 18.Qe3 Rce8 19.Qxe6+ Bf7 20.Qxf5 dxc4 21.bxc4 Bxc4 
22.Qg4 Bf6 23.Ne5 Be6 24.Qe4 Bb3 25.Rc1 Bxe5 26.dxe5 Bd5 27.Qd4 Qxd4 28.
Bxd4 Bb3 29.Rc5 Ra8 30.h4 Bxa4 31.Ra1 Bb5 32.e6 Rfe8 33.Rg5 g6 34.Bc3 Bxe2
35.h5 Bd3 36.hxg6 hxg6 37.Rd1 Rxe6 38.Bxb4 axb4 39.Rxd3 Ra1+ 40.Kh2 Ra2 
41.Rf3 Kg7 42.Rg4 c5 43.Rgf4 Re7 44.Bf1 Ra3 45.Rxa3 bxa3 46.Ra4 Re1 47.Kg2
Ra1 48.Ra7 Kf6 49.Rxb7 Ke5 50.Rb3 g5 51.Rc3 Kd5 52.g4 Kd4 53.Rc4+ Kd5 54.
Ra4 Ke5 55.Bd3 Kd5 56.Kf3 Ke5 57.Be2 Kd5 58.Ke3 Ke5 59.f3 a2 60.Kf2 1-0

[Event "15th Unive op"]
[Site "Hoogeveen NED"]
[Date "2011.10.14"]
[Round "1.8"]
[White "Van Kampen, Robin"]
[Black "Van Foreest, Jorden"]
[Result "1/2-1/2"]
[WhiteElo "2529"]
[BlackElo "2153"]
[EventDate "2011.10.14"]
[PlyCount "67"]

1.e4 e5 2.Nf3 Nc6 3.Bb5 a6 4.Ba4 Nf6 5.O-O b5 6.Bb3 Bc5 7.a4 Rb8 8.axb5 
axb5 9.Nxe5 Nxe5 10.d4 Bxd4 11.Qxd4 d6 12.f4 Ng6 13.e5 dxe5 14.Qxd8+ Kxd8 
15.fxe5 Nxe5 16.Bg5 Re8 17.Nc3 Be6 18.Bxf6+ gxf6 19.Rxf6 Rb6 20.h3 Ke7 21.
Nd5+ Bxd5 22.Rxb6 cxb6 23.Bxd5 Rd8 24.Be4 h6 25.Re1 Rd2 26.Kh2 Ke6 27.Kg3 
f5 28.Bd3 Kf6 29.Re2 Rxe2 30.Bxe2 b4 31.b3 Ng6 32.Bh5 Ne7 33.h4 Nd5 34.Kf3
1/2-1/2

[Event "15th Unive op"]
[Site "Hoogeveen NED"]
[Date "2011.10.14"]
[Round "1.9"]
[White "Sadallah, Osama"]
[Black "Brandenburg, Daan"]
[Result "1/2-1/2"]
[WhiteElo "2145"]
[BlackElo "2522"]
[EventDate "2011.10.14"]
[PlyCount "65"]

1.Nf3 Nf6 2.c4 e6 3.g3 d5 4.d4 Be7 5.Bg2 O-O 6.O-O dxc4 7.Qc2 a6 8.a4 Bd7 
9.Ne5 Bc6 10.Nxc6 Nxc6 11.e3 Na5 12.Nd2 c5 13.Nxc4 Rc8 14.Nxa5 Qxa5 15.Bd2
Qb6 16.Rfc1 h5 17.Bc3 h4 18.a5 Qb5 19.Qa4 Qxa4 20.Rxa4 Nd5 21.Bxd5 exd5 
22.dxc5 Rxc5 23.Rd1 hxg3 24.hxg3 Rfc8 25.Rg4 f6 26.Rgd4 Kf7 27.Rxd5 Rxd5 
28.Rxd5 Ke6 29.Rd4 Bd6 30.Kg2 Rc6 31.Kf3 b6 32.axb6 Rxb6 33.Rg4 1/2-1/2

[Event "15th Unive op"]
[Site "Hoogeveen NED"]
[Date "2011.10.14"]
[Round "1.10"]
[White "Grover, Sahaj"]
[Black "Middelveld, Martine"]
[Result "1-0"]
[WhiteElo "2514"]
[BlackElo "2143"]
[EventDate "2011.10.14"]
[PlyCount "47"]

1.d4 e6 2.c4 d5 3.Nc3 Nf6 4.cxd5 exd5 5.Bf4 c6 6.e3 Bf5 7.Bd3 Bxd3 8.Qxd3 
Bd6 9.Bg3 O-O 10.Nge2 Re8 11.f3 Na6 12.a3 c5 13.O-O Qe7 14.Bf2 Rad8 15.
Rfe1 Nc7 16.dxc5 Bxc5 17.Nd4 Ne6 18.Nf5 Qd7 19.Bh4 g5 20.Bf2 d4 21.exd4 
Bxd4 22.Nxd4 Nxd4 23.Rxe8+ Nxe8 24.Rd1 1-0

[Event "15th Unive op"]
[Site "Hoogeveen NED"]
[Date "2011.10.14"]
[Round "1.11"]
[White "Knol, Geon"]
[Black "Van der Wiel, John"]
[Result "0-1"]
[WhiteElo "2137"]
[BlackElo "2459"]
[EventDate "2011.10.14"]
[PlyCount "104"]

1.e4 c5 2.Nc3 Nc6 3.g3 g6 4.Bg2 Bg7 5.d3 d6 6.Be3 e5 7.Qd2 Nge7 8.Bh6 O-O 
9.h4 Bxh6 10.Qxh6 f6 11.Qd2 Kh8 12.h5 g5 13.h6 Bg4 14.Nd1 Be6 15.f4 gxf4 
16.gxf4 exf4 17.Nh3 Ng6 18.Nxf4 Nxf4 19.Qxf4 f5 20.Nc3 fxe4 21.Qe3 exd3 
22.O-O-O dxc2 23.Rd2 Bf5 24.Bxc6 bxc6 25.Qg3 Rg8 26.Qf4 Qg5 27.Qxd6 Bg6 
28.Qxc6 Rad8 29.Qg2 Qxd2+ 30.Qxd2 Rxd2 31.Kxd2 Rd8+ 32.Kc1 Kg8 33.Rf1 Rd4 
34.Nb5 Ra4 35.a3 Bd3 36.Rg1+ Kf8 37.Nc7 Rh4 38.Ne6+ Ke7 39.Nxc5 Bg6 40.Nb3
Rxh6 41.Nd4 Rh5 42.b4 Rh3 43.Kb2 Rd3 44.Rg4 Rd1 45.Nxc2 Rd2 46.Rc4 Ke6 47.
Rc6+ Kd7 48.Rc4 Rxc2+ 49.Rxc2 Bxc2 50.Kxc2 h5 51.Kd3 Kc6 52.a4 Kd5 0-1

[Event "15th Unive op"]
[Site "Hoogeveen NED"]
[Date "2011.10.14"]
[Round "1.12"]
[White "Raznikov, Danny"]
[Black "Hendriks, Richard V"]
[Result "1-0"]
[WhiteElo "2433"]
[BlackElo "2136"]
[EventDate "2011.10.14"]
[PlyCount "87"]

1.d4 d5 2.c4 dxc4 3.e3 Nf6 4.Bxc4 e6 5.Nf3 c5 6.O-O a6 7.Bb3 b5 8.a4 Bb7 
9.axb5 axb5 10.Rxa8 Bxa8 11.dxc5 Qxd1 12.Rxd1 Bxc5 13.Nc3 b4 14.Na4 Be7 
15.Nb6 Bb7 16.Ba4+ Bc6 17.Bxc6+ Nxc6 18.Bd2 O-O 19.Rc1 Nd8 20.Nc8 Re8 21.
Nxe7+ Rxe7 22.Bxb4 Re8 23.Kf1 Nd5 24.Bd2 f5 25.Rc8 Nb6 26.Rb8 Nd7 27.Rb5 
Nf7 28.Rb7 Nc5 29.Rc7 Ne4 30.Be1 g5 31.Nd2 Nf6 32.Nc4 Rb8 33.Re7 Re8 34.
Rxf7 Kxf7 35.Nd6+ Ke7 36.Nxe8 Nxe8 37.Ke2 Kd6 38.Kd3 Kd5 39.f3 g4 40.fxg4 
fxg4 41.e4+ Kd6 42.Bb4+ Ke5 43.Ke3 Kf6 44.Kf4 1-0

[Event "15th Unive op"]
[Site "Hoogeveen NED"]
[Date "2011.10.14"]
[Round "1.13"]
[White "Tania, Sachdev"]
[Black "Hoffman, Ron"]
[Result "1/2-1/2"]
[WhiteElo "2419"]
[BlackElo "2121"]
[EventDate "2011.10.14"]
[PlyCount "95"]

1.d4 Nf6 2.c4 g6 3.Nc3 Bg7 4.e4 d6 5.f3 O-O 6.Nge2 Nbd7 7.Ng3 c5 8.d5 h5 
9.Be2 Ne5 10.O-O e6 11.Bg5 Qb6 12.Qd2 exd5 13.cxd5 Re8 14.h3 Bd7 15.Be3 
Qb4 16.b3 h4 17.Nh1 Nh5 18.Rac1 f5 19.Rfd1 Rac8 20.Qe1 c4 21.Bd2 Qb6+ 22.
Nf2 Ng3 23.Na4 Bxa4 24.bxa4 Nxe2+ 25.Qxe2 Nd3 26.Rc2 Bd4 27.Be1 fxe4 28.
fxe4 Nxf2 29.Bxf2 Bxf2+ 30.Qxf2 Rxe4 31.Qxb6 axb6 32.Rb1 c3 33.Rxb6 Rd4 
34.Rb3 Rd3 35.Kf2 Rc5 36.Ke2 Rg3 37.Kf2 Kf8 38.a5 Ke8 39.Rxb7 Rxa5 40.Rc7 
Rxd5 41.R7xc3 Rxc3 42.Rxc3 Rd2+ 43.Kf3 Rxa2 44.Rc7 Ra3+ 45.Kg4 Rg3+ 46.
Kxh4 Rxg2 47.Re7+ Kf8 48.Rf7+ 1/2-1/2

[Event "15th Unive op"]
[Site "Hoogeveen NED"]
[Date "2011.10.14"]
[Round "1.14"]
[White "Van der Veen, Jan"]
[Black "Van Delft, Merijn"]
[Result "0-1"]
[WhiteElo "2115"]
[BlackElo "2413"]
[EventDate "2011.10.14"]
[PlyCount "50"]

1.e4 c5 2.Nc3 a6 3.f4 b5 4.g3 Bb7 5.Bg2 e6 6.d3 d5 7.Qe2 Nc6 8.Nf3 dxe4 9.
dxe4 Nd4 10.Nxd4 cxd4 11.Nd1 Rc8 12.O-O Bc5 13.Kh1 Nf6 14.Nf2 O-O 15.Bd2 
b4 16.Nd3 a5 17.Nxc5 Rxc5 18.Qd3 Qa8 19.Rfe1 Ba6 20.Qb3 Rd8 21.a3 d3 22.
axb4 Rxc2 23.Rxa5 Rxd2 24.b5 Qa7 25.b6 Qb7 0-1

[Event "15th Unive op"]
[Site "Hoogeveen NED"]
[Date "2011.10.14"]
[Round "1.15"]
[White "Okkes, Menno"]
[Black "Van Laatum, Maarten"]
[Result "1/2-1/2"]
[WhiteElo "2386"]
[BlackElo "2115"]
[EventDate "2011.10.14"]
[PlyCount "45"]

1.e4 c5 2.Nf3 d6 3.d4 cxd4 4.Nxd4 Nf6 5.Nc3 a6 6.g3 g6 7.Bg2 Bg7 8.O-O O-O
9.h3 Nc6 10.Be3 Bd7 11.Qd2 Rc8 12.Rfd1 Re8 13.Rac1 Qa5 14.Nxc6 Bxc6 15.Nd5
Qxd2 16.Rxd2 Nd7 17.c4 Bxd5 18.exd5 b5 19.b3 bxc4 20.bxc4 Kf8 21.Rdc2 Rb8 
22.Bf1 Nc5 23.h4 1/2-1/2

[Event "15th Unive op"]
[Site "Hoogeveen NED"]
[Date "2011.10.14"]
[Round "1.16"]
[White "Kollen, Zyon"]
[Black "Popilski, Gil"]
[Result "1/2-1/2"]
[WhiteElo "2112"]
[BlackElo "2381"]
[EventDate "2011.10.14"]
[PlyCount "75"]

1.e4 c5 2.Nf3 Qa5 3.Nc3 e6 4.d4 cxd4 5.Nxd4 Nf6 6.f3 Nc6 7.Nb5 Bb4 8.a3 
Bxc3+ 9.Nxc3 O-O 10.Qd6 Qb6 11.Na4 Qa5+ 12.Nc3 Qb6 13.Na4 Qd4 14.Qxd4 Nxd4
15.Bd3 d5 16.Nc3 dxe4 17.Nxe4 Nd5 18.Bd2 e5 19.Nc3 Ne7 20.Nb5 Nxb5 21.Bxb5
Rd8 22.O-O-O Be6 23.Rhe1 a6 24.Bd3 Nc6 25.Bc3 f6 26.f4 Bg4 27.Bc4+ Kf8 28.
Rxd8+ Rxd8 29.fxe5 fxe5 30.h3 Bh5 31.g4 Bf7 32.Bxf7 Kxf7 33.Bxe5 Rd5 34.
Bf4 Nd4 35.Be3 Nc6 36.c4 Re5 37.Bf2 h5 38.Rxe5 1/2-1/2

[Event "15th Unive op"]
[Site "Hoogeveen NED"]
[Date "2011.10.14"]
[Round "1.17"]
[White "Slingerland, Fred"]
[Black "Van Lommel, Patrick"]
[Result "0-1"]
[WhiteElo "2379"]
[BlackElo "2111"]
[EventDate "2011.10.14"]
[PlyCount "58"]

1.e4 e6 2.d4 d5 3.Nc3 Bb4 4.e5 c5 5.Bd2 Ne7 6.a3 Bxc3 7.Bxc3 b6 8.Bb5+ 
Nec6 9.Nf3 O-O 10.O-O Ba6 11.Qe2 Bxb5 12.Qxb5 c4 13.Qa4 a6 14.Ba5 Nxa5 15.
b4 cxb3 16.cxb3 Qd7 17.Qb4 Nbc6 18.Qc3 Rfc8 19.Qd3 Ne7 20.h4 Qb5 21.Qe3 
Qxb3 22.Qf4 Qd3 23.h5 h6 24.Rae1 Rc4 25.g4 Nac6 26.Re3 Qc2 27.Kh1 Rf8 28.
Rg1 Qxf2 29.g5 Rxd4 0-1

[Event "15th Unive op"]
[Site "Hoogeveen NED"]
[Date "2011.10.14"]
[Round "1.18"]
[White "Arp, Frans"]
[Black "Van Assendelft, Floris"]
[Result "0-1"]
[WhiteElo "2107"]
[BlackElo "2376"]
[EventDate "2011.10.14"]
[PlyCount "76"]

1.e4 c5 2.Nf3 d6 3.d4 cxd4 4.Nxd4 Nf6 5.Nc3 a6 6.Bg5 e6 7.f4 Qb6 8.Qd2 Nc6
9.O-O-O Bd7 10.e5 dxe5 11.Bxf6 exd4 12.Bxd4 Qxd4 13.Qxd4 Nxd4 14.Rxd4 Bc5 
15.Rd3 Bc6 16.Rg3 Bd6 17.Rxg7 Bxf4+ 18.Kb1 f5 19.Bc4 Kf8 20.Rg3 Bxg3 21.
hxg3 Kf7 22.Rf1 b5 23.Bb3 Kf6 24.g4 b4 25.Nd1 Bxg2 26.Rf2 Be4 27.Ne3 h5 
28.gxf5 exf5 29.Bd5 Rae8 30.b3 Ke5 31.Bc4 f4 32.Nf1 f3 33.Bxa6 Kf4 34.Bc4 
Re7 35.Rd2 Rg7 36.Rd4 Ke5 37.Rd1 h4 38.Nd2 f2 0-1

[Event "15th Unive op"]
[Site "Hoogeveen NED"]
[Date "2011.10.14"]
[Round "1.19"]
[White "Voekler, Bernd"]
[Black "Poelstra, Ben"]
[Result "1-0"]
[WhiteElo "2374"]
[BlackElo "2102"]
[EventDate "2011.10.14"]
[PlyCount "31"]

1.e4 e5 2.Nf3 Nf6 3.Nxe5 d6 4.Nf3 Nxe4 5.Nc3 Nxc3 6.dxc3 Nc6 7.Bf4 Be7 8.
Qd2 O-O 9.O-O-O Bf6 10.h3 Be6 11.Kb1 Ne5 12.Nd4 Nc4 13.Qd3 Ne5 14.Qe4 Qd7 
15.Nxe6 fxe6 16.Bxe5 1-0

[Event "15th Unive op"]
[Site "Hoogeveen NED"]
[Date "2011.10.14"]
[Round "1.20"]
[White "Slingerland, Caroline"]
[Black "Van Eijk, Sander"]
[Result "0-1"]
[WhiteElo "2101"]
[BlackElo "2372"]
[EventDate "2011.10.14"]
[PlyCount "92"]

1.e4 c5 2.Nf3 a6 3.Nc3 e6 4.d4 b5 5.dxc5 Bxc5 6.Bd3 Qc7 7.O-O Nc6 8.Qe2 f6
9.Be3 Bxe3 10.Qxe3 Nge7 11.a4 b4 12.Ne2 O-O 13.Qc5 d6 14.Qh5 e5 15.Nh4 Be6
16.f4 Qd7 17.f5 Bf7 18.Qg4 Qe8 19.Qh3 d5 20.Rf3 dxe4 21.Bxe4 Bd5 22.Qg4 
Qf7 23.Rg3 Bxe4 24.Qxe4 Rfd8 25.h3 a5 26.Rf1 Rd6 27.Rff3 Rad8 28.Rd3 Nd4 
29.Nxd4 Rxd4 30.Rxd4 Rxd4 31.Qa8+ Qf8 32.Qxf8+ Kxf8 33.Rg4 e4 34.Kf1 Kf7 
35.Ke2 Rc4 36.Kd2 Nd5 37.Nf3 exf3 38.Rxc4 f2 39.Ke2 f1=Q+ 40.Kxf1 Ne3+ 41.
Ke2 Nxc4 42.b3 Nd6 43.g4 Ke7 44.Ke3 Kd7 45.Kf4 Nf7 46.h4 h6 0-1

[Event "15th Unive op"]
[Site "Hoogeveen NED"]
[Date "2011.10.14"]
[Round "1.21"]
[White "De Jong, Migchiel"]
[Black "Stavast, Dick"]
[Result "1-0"]
[WhiteElo "2370"]
[BlackElo "2097"]
[EventDate "2011.10.14"]
[PlyCount "49"]

1.e4 e5 2.Nf3 Nc6 3.Bb5 Nf6 4.d3 Bc5 5.c3 O-O 6.O-O d5 7.Nbd2 Re8 8.h3 a6 
9.Ba4 h6 10.Re1 b5 11.Bc2 Bb7 12.a3 Qd7 13.Nh4 Rad8 14.Qf3 dxe4 15.dxe4 
Ne7 16.Nb3 Bb6 17.Bxh6 Qe6 18.Bg5 Rd6 19.Rad1 Red8 20.Rxd6 Rxd6 21.Nc1 Qc4
22.Bb3 Qc6 23.Nd3 Rxd3 24.Qxd3 Nxe4 25.Rxe4 1-0

[Event "15th Unive op"]
[Site "Hoogeveen NED"]
[Date "2011.10.14"]
[Round "1.22"]
[White "Yamada, Kohei"]
[Black "Willemze, Thomas"]
[Result "0-1"]
[WhiteElo "2093"]
[BlackElo "2370"]
[EventDate "2011.10.14"]
[PlyCount "46"]

1.d4 d5 2.c4 e6 3.Nc3 c5 4.Nf3 Nc6 5.e3 Nf6 6.Be2 Be7 7.O-O O-O 8.a3 a6 9.
dxc5 Bxc5 10.b4 Ba7 11.Bb2 Re8 12.Qc2 Qc7 13.Rfd1 dxc4 14.Ne4 Nxe4 15.Qxe4
b5 16.Be5 Nxe5 17.Nxe5 Bb7 18.Qf4 Bb8 19.Bf3 Bxf3 20.Qxf3 Qxe5 21.Qxa8 
Qxa1 22.Rxa1 Bxh2+ 23.Kxh2 Rxa8 0-1

[Event "15th Unive op"]
[Site "Hoogeveen NED"]
[Date "2011.10.14"]
[Round "1.23"]
[White "Erwich, Frank"]
[Black "Lesman, Francis"]
[Result "1-0"]
[WhiteElo "2365"]
[BlackElo "2074"]
[EventDate "2011.10.14"]
[PlyCount "81"]

1.c4 Nf6 2.Nc3 g6 3.e4 d6 4.g3 Bg7 5.Bg2 O-O 6.Nge2 e5 7.O-O Nbd7 8.d3 a6 
9.f4 c6 10.h3 b5 11.f5 h6 12.g4 Nh7 13.Be3 Rb8 14.Qd2 g5 15.Ng3 Ndf6 16.
Rfd1 Qe7 17.cxb5 axb5 18.d4 b4 19.Nce2 Ba6 20.dxe5 dxe5 21.Qc2 Qb7 22.Nc1 
Rfe8 23.Nb3 Qb5 24.a4 bxa3 25.Rxa3 Qc4 26.Qxc4 Bxc4 27.Na5 Bb5 28.Rc3 Bf8 
29.Bc5 Ba4 30.Rd2 Red8 31.Rxd8 Rxd8 32.Bxf8 Kxf8 33.Nxc6 Rd1+ 34.Kh2 Bxc6 
35.Rxc6 Ke7 36.b4 Rb1 37.Rb6 Nf8 38.Bf1 Re1 39.Bb5 Nxe4 40.Nxe4 Rxe4 41.
f6+ 1-0

[Event "15th Unive op"]
[Site "Hoogeveen NED"]
[Date "2011.10.14"]
[Round "1.24"]
[White "Henseler, Jorgen"]
[Black "Klein, David"]
[Result "0-1"]
[WhiteElo "2073"]
[BlackElo "2359"]
[EventDate "2011.10.14"]
[PlyCount "56"]

1.d4 Nf6 2.c4 e6 3.Nc3 Bb4 4.f3 Nc6 5.a3 Bxc3+ 6.bxc3 b6 7.e4 Ba6 8.Bd3 
Na5 9.Qe2 d6 10.Nh3 h6 11.O-O Qd7 12.a4 Nb3 13.Ra2 e5 14.Be3 c5 15.d5 
O-O-O 16.Kf2 g5 17.Ke1 Nh5 18.Nf2 Nf4 19.Bxf4 gxf4 20.Kd1 Rdg8 21.Nh3 Rg6 
22.Kc2 Na5 23.Kb1 Rhg8 24.Rf2 Qe7 25.Ng1 Qh4 26.h3 Kc7 27.Qf1 Nxc4 28.Qe2 
Rxg2 0-1

[Event "15th Unive op"]
[Site "Hoogeveen NED"]
[Date "2011.10.14"]
[Round "1.25"]
[White "Peelen, Piet"]
[Black "Van Dorp, Folke"]
[Result "1/2-1/2"]
[WhiteElo "2354"]
[BlackElo "2050"]
[EventDate "2011.10.14"]
[PlyCount "58"]

1.d4 Nf6 2.Nf3 g6 3.c4 c5 4.d5 d6 5.Nc3 Bg7 6.e4 O-O 7.h3 e6 8.Bd3 exd5 9.
exd5 Re8+ 10.Be3 Na6 11.O-O Nb4 12.Bb1 Bd7 13.Qd2 Qb8 14.a3 Na6 15.Bf4 b5 
16.cxb5 Bxb5 17.Bxd6 Qxd6 18.Nxb5 Qxd5 19.Qxd5 Nxd5 20.Ba2 Rad8 21.Rad1 
Nac7 22.Ng5 Nxb5 23.Bxd5 Nd6 24.b3 h6 25.Nf3 Nb5 26.Bc6 Nc3 27.Bxe8 Nxd1 
28.Bb5 Nb2 29.Re1 Rb8 1/2-1/2

[Event "15th Unive op"]
[Site "Hoogeveen NED"]
[Date "2011.10.14"]
[Round "1.26"]
[White "Te Bokkel, Gert Jan"]
[Black "Bezemer, Arno J"]
[Result "1/2-1/2"]
[WhiteElo "2034"]
[BlackElo "2351"]
[EventDate "2011.10.14"]
[PlyCount "54"]

1.e4 c5 2.f4 d5 3.exd5 Nf6 4.Bb5+ Nbd7 5.c4 g6 6.Nf3 Bg7 7.O-O O-O 8.Bxd7 
Bxd7 9.Nc3 e6 10.dxe6 Bxe6 11.d3 Qd6 12.Qc2 Rad8 13.Ne4 Nxe4 14.dxe4 Qd3 
15.Qxd3 Rxd3 16.Nd2 Bd4+ 17.Kh1 f5 18.exf5 Bxf5 19.Nf3 Re8 20.Ne5 Bxe5 21.
fxe5 Rxe5 22.Bh6 Rd8 23.Rf2 Rde8 24.h3 Re2 25.Raf1 Rxf2 26.Rxf2 Re7 27.Kh2
Rf7 1/2-1/2

[Event "15th Unive op"]
[Site "Hoogeveen NED"]
[Date "2011.10.14"]
[Round "1.27"]
[White "Svane, Rasmus"]
[Black "Vinke, Maarten"]
[Result "1-0"]
[WhiteElo "2351"]
[BlackElo "2032"]
[EventDate "2011.10.14"]
[PlyCount "53"]

1.d4 Nf6 2.c4 g6 3.Nc3 Bg7 4.e4 d6 5.Nf3 O-O 6.Be2 e5 7.Be3 Nc6 8.d5 Ne7 
9.Nd2 Ne8 10.Rc1 f5 11.f3 Bd7 12.O-O f4 13.Bf2 g5 14.c5 Rf6 15.Qb3 b6 16.
cxd6 Nxd6 17.Nc4 Nec8 18.Nxe5 Nf7 19.Nxd7 Qxd7 20.Nb5 c6 21.dxc6 Rxc6 22.
Bc4 Kf8 23.Bxf7 Rxc1 24.Rxc1 Qxf7 25.Rxc8+ Rxc8 26.Qxf7+ Kxf7 27.Nd6+ 1-0

[Event "15th Unive op"]
[Site "Hoogeveen NED"]
[Date "2011.10.14"]
[Round "1.28"]
[White "Klapwijk, Bram"]
[Black "Ootes, Lars"]
[Result "1-0"]
[WhiteElo "2025"]
[BlackElo "2340"]
[EventDate "2011.10.14"]
[PlyCount "89"]

1.e4 c5 2.Nc3 e6 3.f4 a6 4.Nf3 Nc6 5.g3 d5 6.d3 b5 7.Bg2 Nf6 8.O-O Be7 9.
Ne5 Nd4 10.Be3 Bb7 11.exd5 Nf5 12.Nxf7 Kxf7 13.dxe6+ Kf8 14.Bxb7 Nxe3 15.
Qf3 Ra7 16.Qxe3 Rxb7 17.Qf3 Rb6 18.Rae1 h5 19.Re5 Rh6 20.Rfe1 Kg8 21.h3 
Qd4+ 22.Kg2 b4 23.Qa8+ Kh7 24.Na4 Rd6 25.Qa7 Nd5 26.R1e4 Nxf4+ 27.Kf1 Nxd3
28.Rxd4 Nxe5 29.Rxd6 Bxd6 30.Nxc5 Rf6+ 31.Ke2 Nc6 32.Qb6 Nd4+ 33.Kd3 Nb5 
34.Ne4 Rf3+ 35.Ke2 Rf5 36.Nxd6 Re5+ 37.Ne4 Rxe4+ 38.Kd3 Re5 39.c4 bxc3 40.
bxc3 Rd5+ 41.Kc2 Na3+ 42.Kc1 Re5 43.Qxa6 Nb5 44.Qc6 h4 45.gxh4 1-0

[Event "15th Unive op"]
[Site "Hoogeveen NED"]
[Date "2011.10.14"]
[Round "1.29"]
[White "Donchenko, Alexander"]
[Black "Beerdsen, Thomas"]
[Result "1-0"]
[WhiteElo "2304"]
[BlackElo "2019"]
[EventDate "2011.10.14"]
[PlyCount "57"]

1.d4 d5 2.c4 c6 3.Nf3 Nf6 4.e3 e6 5.b3 Nbd7 6.Bb2 b6 7.Bd3 Bb7 8.O-O c5 9.
cxd5 Nxd5 10.Nc3 N7f6 11.Bb5+ Nd7 12.Nxd5 exd5 13.Ne5 Bc8 14.Qf3 Qe7 15.
Qxd5 Rb8 16.Nc6 Qd6 17.Qxd6 Bxd6 18.dxc5 bxc5 19.Nxb8 Bxb8 20.Bxg7 Rg8 21.
Bf6 Rg6 22.Bh4 a6 23.Ba4 Bb7 24.Bg3 Ke7 25.Bxd7 Kxd7 26.Rfd1+ Kc8 27.Rac1 
Rc6 28.Rd5 c4 29.Rxc4 1-0

[Event "15th Unive op"]
[Site "Hoogeveen NED"]
[Date "2011.10.14"]
[Round "1.30"]
[White "Baskin, Robert"]
[Black "Afek, Yochanan"]
[Result "0-1"]
[WhiteElo "2016"]
[BlackElo "2299"]
[EventDate "2011.10.14"]
[PlyCount "50"]

1.e4 c5 2.Nf3 Nc6 3.d4 cxd4 4.Nxd4 g6 5.Bc4 Bg7 6.Nb3 Nf6 7.Nc3 O-O 8.O-O 
d6 9.Re1 a6 10.a4 Na5 11.Bf1 Nxb3 12.cxb3 Be6 13.Nd5 Nxd5 14.exd5 Bf5 15.
a5 e5 16.dxe6 Bxe6 17.g3 Rc8 18.Bg2 d5 19.Ra4 Qd7 20.Rb4 Rc5 21.Rd4 Rxc1 
22.Qxc1 Bxd4 23.Rd1 Bg7 24.Qd2 Qb5 25.Bxd5 Rd8 0-1

[Event "15th Unive op"]
[Site "Hoogeveen NED"]
[Date "2011.10.14"]
[Round "1.31"]
[White "Rietveld, Renze"]
[Black "Mol, Christiaan"]
[Result "1-0"]
[WhiteElo "2291"]
[BlackElo "2013"]
[EventDate "2011.10.14"]
[PlyCount "69"]

1.e4 c5 2.Nf3 Nc6 3.d4 cxd4 4.Nxd4 Nf6 5.Nc3 e5 6.Ndb5 d6 7.Bg5 a6 8.Na3 
b5 9.Bxf6 gxf6 10.Nd5 f5 11.c3 Bg7 12.exf5 Bxf5 13.Nc2 O-O 14.Nce3 Be6 15.
Bd3 f5 16.Qh5 Bxd5 17.Nxd5 e4 18.Bc2 Ne5 19.O-O Ra7 20.Rad1 Ng6 21.g3 Be5 
22.f4 Bg7 23.Kh1 Ne7 24.g4 Kh8 25.Ne3 d5 26.gxf5 Rd7 27.Rg1 Bf6 28.Rg3 d4 
29.cxd4 Ng8 30.Rh3 Qc7 31.Bb3 Rxd4 32.Rg1 Rd7 33.Bxg8 Rxg8 34.Rxg8+ Kxg8 
35.Qe8+ 1-0

[Event "15th Unive op"]
[Site "Hoogeveen NED"]
[Date "2011.10.14"]
[Round "1.32"]
[White "Cox, Jan"]
[Black "Wagner, Dennis"]
[Result "0-1"]
[WhiteElo "2008"]
[BlackElo "2290"]
[EventDate "2011.10.14"]
[PlyCount "46"]

1.e4 c5 2.c3 d5 3.exd5 Qxd5 4.d4 Nc6 5.Nf3 Bg4 6.Be2 cxd4 7.cxd4 e6 8.O-O 
Qa5 9.Nc3 Bb4 10.a3 Bxc3 11.bxc3 Nge7 12.c4 O-O 13.Rb1 Qc7 14.Rb5 Rfd8 15.
Bb2 Rd7 16.Rg5 Bxf3 17.Bxf3 f6 18.Rg3 Nxd4 19.Be4 Qxc4 20.Rd3 Rad8 21.
Bxh7+ Kxh7 22.Bxd4 Rxd4 23.Rxd4 Qxd4 0-1

[Event "15th Unive op"]
[Site "Hoogeveen NED"]
[Date "2011.10.14"]
[Round "1.33"]
[White "Lorscheid, Gerhard"]
[Black "Lee, Kai Jie Edward"]
[Result "1-0"]
[WhiteElo "2277"]
[BlackElo "2008"]
[EventDate "2011.10.14"]
[PlyCount "75"]

1.d4 d5 2.c4 e6 3.Nc3 Nf6 4.Bg5 Be7 5.cxd5 exd5 6.e3 O-O 7.Qc2 Re8 8.Bd3 
h6 9.Bh4 c6 10.Nge2 Ne4 11.Bxe7 Qxe7 12.Bxe4 dxe4 13.Ng3 f5 14.O-O Na6 15.
f3 Nb4 16.Qd2 f4 17.Ngxe4 fxe3 18.Qe2 b6 19.Rfc1 Nd5 20.Qc4 Bb7 21.Re1 Kh8
22.Nd1 Rad8 23.Nxe3 Qd7 24.Nc2 Rf8 25.Rad1 Nf4 26.Qf1 Qc8 27.Re3 Ba6 28.
Qe1 Qf5 29.Nb4 Bb5 30.b3 c5 31.dxc5 Rxd1 32.Qxd1 bxc5 33.Nc2 Nd5 34.Re1 
Rd8 35.Ne3 Qf7 36.Nc3 Bc6 37.Nexd5 Qf5 38.Qb1 1-0